00840nas a2200229Ia 4500001001100000003000900011008004100020040001300061040001300074041001200087100003800099210001400137222001400151245006700165250001100232260002800243501008600271300001100357362002500368500017800393650003900571R703/49361IT-RoPAU151124c99999999xx |||||||||||| ||und|| aIT-RoPAU cIT-RoPAU aINGLESE aAA.VV. gCodice Aut. SPICS: 12000 aSEMIOTICA aSemiotica aSEMIOTICA, VOL.62-N.1/2 (1986)bSemiotica, Vol.62-N.1/2 (1986) a1a ed. aAMSTERDAMbMOUTONc1986 bPaulus - SPICS - Società San Paolo EM (non-commercial uses only)cCopyright2015 a190 p. aVOL.62, N.1/2 (1986) aRivista dell'Associazione Internazionale per Studi Semiotici. Numero Speciale su "Approcci al Gesto" con Contributi di Autori Vari a Cura di Adam Kendon e Thomas D. Blakely. aSEMIOTICAvPUBBLICAZIONE PERIODICA